Global Cities ranking biggest movers - Statistics

General Stats
  • This quiz has been taken 1,287 times
    769 since last reset
  • The average score is 32 of 50
Answer Stats
2000 2020 Country City % Correct
Beta Alpha + UAE Dubai
98%
High Sufficiency Beta Vietnam Hanoi
86%
Gamma Alpha - Saudi Arabia Riyadh
86%
Gamma Beta + Israel Tel Aviv
86%
Gamma - Beta UAE Abu Dhabi
85%
Gamma - Beta Ukraine Kiev
85%
Sufficiency Beta + Qatar Doha
84%
Gamma - Alpha - China Guangzhou
84%
Gamma - Beta Morocco Casablanca
83%
Beta Beta - Venezuela Caracas
81%
High Sufficiency Beta - Nigeria Lagos
81%
High Sufficiency Beta - Tunisia Tunis
81%
Alpha - Beta + Spain Barcelona
80%
High Sufficiency Beta - Bangladesh Dhaka
80%
High Sufficiency Beta - Croatia Zagreb
79%
High Sufficiency Beta - Guatemala Guatemala City
78%
High Sufficiency Beta - Jordan Amman
77%
unranked Beta - Serbia Belgrade
76%
High Sufficiency Beta - El Salvador San Salvador
76%
unranked Beta - China Wuhan
75%
High Sufficiency Beta - Pakistan Lahore
73%
High Sufficiency Beta - Japan Osaka
73%
High Sufficiency Beta - Oman Muscat
72%
High Sufficiency Beta - Costa Rica San José
72%
High Sufficiency Beta - Russia St. Petersburg
72%
Gamma + Alpha - India Bangalore
70%
unranked Beta - China Xi'an
70%
Alpha - Beta + United States Miami
69%
Sufficiency Alpha - China Shenzhen
66%
Sufficiency Beta - Uganda Kampala
65%
High Sufficiency Beta - Kazakhstan Almaty
63%
unranked Beta China Tianjin
63%
High Sufficiency Beta - Mexico Monterrey
62%
unranked Beta + China Chengdu
60%
Alpha Alpha - United States San Francisco
60%
unranked Beta - China Xiamen
59%
Alpha - Beta + United States Atlanta
56%
unranked Beta China Chongqing
56%
High Sufficiency Beta - United Kingdom Edinburgh
56%
unranked Beta - India Hyderabad
52%
unranked Beta China Nanjing
48%
unranked Beta - United States Austin
46%
unranked Beta China Hangzhou
42%
unranked Beta - China Shenyang
34%
High Sufficiency Beta - United States Tampa
31%
unranked Beta - China Dalian
30%
unranked Beta - China Zhengzhou
29%
unranked Beta - China Changsha
27%
unranked Beta - Cayman Islands George Town
16%
unranked Beta - China Jinan
15%
No matching quizzes found
Score Distribution
Percent of People with Each Score
Percentile by Number Answered
Your Score History
You have not taken this quiz since the last reset